| 000 | 00682nam a22002171c 4500 | ||
|---|---|---|---|
| 001 | a987675936 | ||
| 008 | 160309s1996 gw |||| 000u ger d | ||
| 020 |
_a3531128191 _93-531-12819-1 |
||
| 041 | _ager | ||
| 245 | 0 | 0 |
_aTerroristische Diktaturen im 20. Jahrhundert : _bStrukturelemente der nationalsozialistischen und stalinistischen Herrschaft / _cMatthias Vetter (Hrsg.) |
| 264 |
_aOpladen : _bWestdeutscher Verl., _c1996 |
||
| 300 | _a212 S. ; 21 cm | ||
| 650 | 0 | _aNationalismus | |
| 650 | 0 | _aStalinismus | |
| 651 | 0 | _aSowjetunion | |
| 655 | 0 | _aAufsatzsammlung | |
| 700 | 1 |
_aVetter, Matthias _eHerausgeberIn |
|
| 942 | _cMG | ||
| 040 | _cRU-10907106 | ||
| 003 | RU-10907106 | ||
| 999 |
_c33985 _d33985 |
||